Concrete Technology / (Record no. 14786)
[ view plain ]
| 000 -LEADER | |
|---|---|
| fixed length control field | 01300pam a2200313 a 4500 |
| 001 - CONTROL NUMBER | |
| control field | 2406638 |
| 005 - DATE AND TIME OF LATEST TRANSACTION | |
| control field | 19870513000000.0 |
| 008 - FIXED-LENGTH DATA ELEMENTS--GENERAL INFORMATION | |
| fixed length control field | 861029s1987 uk a b 001 0 eng |
| 010 ## - LIBRARY OF CONGRESS CONTROL NUMBER | |
| LC control number | 86027231 |
| 020 ## - INTERNATIONAL STANDARD BOOK NUMBER | |
| International Standard Book Number | 0273732196 |
| 020 ## - INTERNATIONAL STANDARD BOOK NUMBER | |
| International Standard Book Number | 9780273732198 |
| 040 ## - CATALOGING SOURCE | |
| Original cataloging agency | DLC |
| Transcribing agency | DLC |
| Modifying agency | DLC |
| 050 00 - LIBRARY OF CONGRESS CALL NUMBER | |
| Classification number | TA439 |
| Item number | .N46 1987 |
| 082 00 - DEWEY DECIMAL CLASSIFICATION NUMBER | |
| Classification number | 620.136 |
| Edition number | 22 |
| Item number | NEV |
| 100 1# - MAIN ENTRY--PERSONAL NAME | |
| Personal name | Neville, Adam M. |
| 9 (RLIN) | 9247 |
| 245 10 - TITLE STATEMENT | |
| Title | Concrete Technology / |
| Statement of responsibility, etc | A.M. Neville, J.J. Brooks. |
| 250 ## - EDITION STATEMENT | |
| Edition statement | 2nd ed. |
| 260 ## - PUBLICATION, DISTRIBUTION, ETC. (IMPRINT) | |
| Place of publication, distribution, etc | Harlow, Essex, UK : |
| Name of publisher, distributor, etc | J. Wiley, 2010 |
| Date of publication, distribution, etc | 2010 |
| 300 ## - PHYSICAL DESCRIPTION | |
| Extent | 442 p. : |
| Other physical details | ill. ; |
| Dimensions | 24 cm. |
| 504 ## - BIBLIOGRAPHY, ETC. NOTE | |
| Bibliography, etc | Includes bibliographies and index. |
| 650 #0 - SUBJECT ADDED ENTRY--TOPICAL TERM | |
| Topical term or geographic name as entry element | Concrete. |
| 9 (RLIN) | 9248 |
| 650 #0 - SUBJECT ADDED ENTRY--TOPICAL TERM | |
| Topical term or geographic name as entry element | Cement. |
| 9 (RLIN) | 9249 |
| 700 1# - ADDED ENTRY--PERSONAL NAME | |
| Personal name | Brooks, J. J. |
| 9 (RLIN) | 9250 |
| 942 ## - ADDED ENTRY ELEMENTS (KOHA) | |
| Source of classification or shelving scheme | Dewey Decimal Classification |
| Item type | Book - Borrowing |
| Withdrawn status | Item status | Source of classification or shelving scheme | Damaged status | Not for loan | Vendor | Home library | Current library | Shelving location | Date acquired | Source of acquisition | Total Checkouts | Full call number | Barcode | Date last seen | Date last borrowed | Koha item type | Total Renewals |
|---|---|---|---|---|---|---|---|---|---|---|---|---|---|---|---|---|---|
| Dewey Decimal Classification | Baccah | Central Library | Central Library | First floor | 25/10/2010 | 2 | 620.136 NEV | 000021926 | 15/07/2025 | 22/04/2017 | Book - Borrowing | ||||||
| Dewey Decimal Classification | Baccah | Central Library | Central Library | First floor | 25/10/2010 | 620.136 NEV | 000021927 | 15/07/2025 | NB - Book (Non borrowing) | ||||||||
| Dewey Decimal Classification | Baccah | Central Library | Central Library | First floor | 25/10/2010 | 1 | 620.136 NEV | 000021928 | 15/07/2025 | 03/04/2017 | Book - Borrowing | 6 | |||||
| Dewey Decimal Classification | Baccah | Central Library | Central Library | First floor | 25/10/2010 | 1 | 620.136 NEV | 000021929 | 15/07/2025 | 22/04/2017 | Book - Borrowing |